| 000 | 00851cab a2200325 4500 | ||
|---|---|---|---|
| 001 | ABS43801 | ||
| 008 | 090401t1990 xxu||||| |||| 00| 0 eng d | ||
| 035 | _a(Sirsi) u43524 | ||
| 041 | _aeng | ||
| 100 | _aFerrary, C. | ||
| 245 | _aEnvironmental assessment and transport | ||
| 260 | _c1990 | ||
| 350 | _a0 | ||
| 490 |
_aPlanner _v9 November 1990, 9-11(3) |
||
| 520 | _aDiscusses environmental assessment and transport policy. | ||
| 650 | _aAIR QUALITY | ||
| 650 | _aDOE CIRCULAR 15/1988 | ||
| 650 | _aENVIRONMENTAL IMPACT | ||
| 650 | _aHIGHWAYS ACT 1988 | ||
| 650 | _aNOISE | ||
| 650 | _aSAFETY | ||
| 650 | _aSI 1988 1199 | ||
| 650 | _aSI 1988 1241 | ||
| 650 | _aTRAFFIC CONGESTION | ||
| 650 | _aVIBRATION | ||
| 650 | _aVISUAL IMPACT | ||
| 690 | _aENVIRONMENTAL AND LAND CONSULTANCY | ||
| 942 | _n0 | ||
| 948 | _c04/03/1997 | ||
| 999 |
_c27750 _d27750 |
||